| 000 | 00421 a2200157 4500 | ||
|---|---|---|---|
| 020 | _a9788176755344 | ||
| 082 |
_aH301 _bSHI/C |
||
| 100 |
_aShivendra _9110598 |
||
| 245 |
_aChocolate friends aur anya kahaniyan/ _cby Shivendra |
||
| 260 |
_bAadhar Prakasan, _aHariyana: _c2016. |
||
| 300 | _a195p. | ||
| 650 |
_aStories Hindi _9110599 |
||
| 650 |
_aLiterature Hindi _9110600 |
||
| 650 |
_aLiterature _9110601 |
||
| 942 | _cBK | ||
| 999 |
_c61037 _d61037 |
||